00728nam a2200205 a 450000100060000000300090000600800410001504000280005608200150008410000310009924500380013030000180016850000540018665000250024065000470026565000580031294200120037099900170038295201230039912072CO-ViMGA141112s2004 ck r 000 u spa d aCO-ViMGAbspacCO-ViMGA04aFr927 G6431 aGranados, Plutarco, 9340610aJuan la Garza : bEl Gran Llanero a139 p., fotos aEn : Juan La Garza : El Gran Llanero; Fr 927 G64314aFONDO REGIONAL9340914aGONZALEZ GUTIERREZ, JUAN - ANECDOTAS9340714aTAME (ARAUCA - COLOMBIA) - HISTORIA - ANECDOTAS93408 2ddccBK c23119d23119 00102ddc40708004aMEVIECARbMEVIECARd2016-05-13l0oFr927 G643p30060r2016-05-13 00:00:00tEj. 1w2016-05-13yBK